000 02930cgm a2200625Ia 4500
005 20260322212022.0
007 data
008 data
020 _a0767085973
020 _a9780767085977
024 1 _a767685969335
028 4 2 _aNVG-9693
_bNew Video Group
037 _bMidwest Tapes
_nhttp://www.midwesttapes.com
040 _aTEFMT
_beng
_cTEFMT
_dNRS
_dWCM
_dMTG
_dQBX
_dRCS
_dBTCTA
_dPX0
_dDAC
_dYDXCP
_dSMP
_dOCLCQ
_dUNL
_dZCU
_dOCLCO
_dWAU
_dOCLCA
_dOCLCF
_dHLNDP
_dP4I
_dOCLCO
_dNRS
043 _an-us-ca
046 _k2004
050 1 4 _aSF473.P3
_bW55 2005
082 0 4 _a636.6/865
_222
092 _a636.6 W55 2005
245 0 4 _aThe wild parrots of Telegraph Hill
_h[videorecording] /
_cShadow Distribution ; a Pelican Media production ; produced, directed, filmed, and edited by Judy Irving.
257 _aUnited States
_2naf
260 _a[New York] :
_bDistributed by New Video Group,
_a[New York] :
_bDistributed by New Video Group,
_c[2005]
300 _a1 videodisc (ca. 83 min.) :
_bsd., col. ;
_c4 3/4 in.
500 _aOriginally released as a motion picture in 2004.
500 _aSpecial features include: Homage to Connor; Mingus at the Oasis; Parrots music video; Mark Bittner's home movies; flock updates; deleted scenes; theatrical trailer; California quail bonus short.
506 _aRestricted to home use or face to face teaching.
508 _aOriginal music, Chris Michie ; filmed and edited by Judy Irving.
511 0 _aFeaturing Mark Bittner.
520 _aFollow the ups and downs of a flock of wild urban parrots within the green niches of San Francisco. Along the way meet unforgettable characters like Picasso and Sophie, the inseparable parrot lovers, and Connor, the lovable outcast of the flock.
521 8 _aMPAA rating: Not rated.
538 _aDVD, region 1; Dolby Digital 5.1 surround; NTSC.
546 _aClosed captioned in English.
650 0 _aParrots
_zSan Francisco.
_zSan Francisco.
650 0 _aUrban animals
_zSan Francisco.
_zSan Francisco.
650 0 _aAnimal populations
_zSan Francisco.
_zSan Francisco.
650 0 _aHuman-animal relationships
_zSan Francisco.
_zSan Francisco.
650 7 _aAnimal populations.
_2fast
_0(OCoLC)fst00809325
650 7 _aHuman-animal relationships.
_2fast
_0(OCoLC)fst00963482
650 7 _aParrots.
_2fast
_0(OCoLC)fst01053920
650 7 _aUrban animals.
_2fast
_0(OCoLC)fst01162360
651 7 _aCalifornia
_zSan Francisco.
_2fast
_0(OCoLC)fst01204481
651 0 _aSan Francisco (Calif.)
655 7 _aFeature films
_zUnited States.
_2local
655 7 _aDocumentary films.
_2lcgft
655 7 _aDocumentary
_vFeature.
_2migfg
655 7 _aDocumentary films.
_2fast
_0(OCoLC)fst01710390
655 0 _aDocumentary films.
700 1 _aIrving, Judy.
700 1 _aBittner, Mark.
710 2 _aPelican Media.
710 2 _aShadow Distribution (Firm)
710 2 _aDocurama (Firm)
710 2 _aNew Video Group.
001 data
999 _c496
_d496